NBA MVP Winners Quiz - Statistics

General Stats
  • This quiz has been taken 18 times
  • The average score is 50 of 70
Answer Stats
MVP % Correct
Kobe Bryant
100%
LeBron James
100%
LeBron James
100%
LeBron James
100%
LeBron James
100%
Nikola Jokić
93%
Nikola Jokić
93%
Nikola Jokić
93%
Stephen Curry
93%
Stephen Curry
93%
Giannis Antetokounmpo
87%
Giannis Antetokounmpo
87%
Kevin Durant
87%
Magic Johnson
87%
Magic Johnson
87%
Magic Johnson
87%
Michael Jordan
87%
Michael Jordan
87%
Michael Jordan
87%
Michael Jordan
87%
Michael Jordan
87%
Shai Gilgeous-Alexander
87%
Shaquille O’Neal
87%
James Harden
80%
Kareem Abdul-Jabbar
80%
Kareem Abdul-Jabbar
80%
Kareem Abdul-Jabbar
80%
Kareem Abdul-Jabbar
80%
Kareem Abdul-Jabbar
80%
Kareem Abdul-Jabbar
80%
Larry Bird
80%
Larry Bird
80%
Larry Bird
80%
Tim Duncan
80%
Tim Duncan
80%
Derrick Rose
73%
Dirk Nowitzki
73%
Joel Embiid
73%
Russell Westbrook
73%
Steve Nash
73%
Steve Nash
73%
Wilt Chamberlain
73%
Wilt Chamberlain
73%
Wilt Chamberlain
73%
Wilt Chamberlain
73%
Hakeem Olajuwon
67%
Allen Iverson
60%
David Robinson
60%
Bill Russell
53%
Bill Russell
53%
Bill Russell
53%
Bill Russell
53%
Bill Russell
53%
Karl Malone
53%
Karl Malone
53%
Kevin Garnett
53%
Moses Malone
53%
Moses Malone
53%
Moses Malone
53%
Bob Cousy
47%
Bob Pettit
47%
Bob Pettit
47%
Charles Barkley
47%
Julius Erving
47%
Bob McAdoo
40%
Oscar Robertson
40%
Willis Reed
40%
Bill Walton
33%
Dave Cowens
27%
Wes Unseld
27%
No matching quizzes found
Score Distribution
Percent of People with Each Score
Percentile by Number Answered
Your Score History
You have not taken this quiz